Normal view
MARC view
- Mujtaba Rafique Ghoto
Entry Personal Name
001 - CONTROL NUMBER
- control field: 107120
003 - CONTROL NUMBER IDENTIFIER
- control field: NUST
005 - DATE AND TIME OF LATEST TRANSACTION
- control field: 20230119140436.0
008 - FIXED-LENGTH DATA ELEMENTS
- fixed length control field: 230119|| aca||aabn | a|a d
040 ## - CATALOGING SOURCE
- Original cataloging agency: NUST
- Transcribing agency: NUST
100 ## - HEADING--PERSONAL NAME
- Personal name: Mujtaba Rafique Ghoto
670 ## - SOURCE DATA FOUND
- Source citation: Work cat.: (NUST): Mujtaba Rafique Ghoto, TH-SOF-2121-Integrated Product-Process Design: Conceptual Framework for Data Driven Manufacturing Resource Selection, 2022.
